| 000 | 00647 a2200145 4500 | ||
|---|---|---|---|
| 082 | _aBEE-5 | ||
| 100 |
_aSyed Muhammad Maesam Hussain _993282 |
||
| 245 |
_aImplementation of swarm intelligence algorithms on multiple robots using JADE _cSyed Muhammad Maesam Hussain |
||
| 260 |
_aIslamabad _bNUST School of Electrical Engineering and Computer Science _c2012 |
||
| 300 |
_a37p. _b:ill. _c:27cm.+ _eCD-ROM |
||
| 500 | _aSupervisors: Mr. Shamyl Bin Mansoor, Dr. Peter Charles Bloodworth, Dr. Osman Hassan | ||
| 700 |
_aIbrahim Bashir, Athar Mushtaq _993283 |
||
| 856 | _uhttp://10.250.8.41:8080/xmlui/handle/123456789/29059 | ||
| 942 |
_cPR _kBEE-5 MAE _2ddc |
||
| 999 |
_c11285 _d11285 |
||